Black Wade : The Wild Side of Love /

Kaydedildi:
Detaylı Bibliyografya
Yazar: Franze
Diğer Yazarlar: Andarle, Baker, Jim
Materyal Türü: Kitap
Dil:İngilizce
Baskı/Yayın Bilgisi: Berlin Bruno Gmünder 2009
Etiketler: Etiketle
Etiket eklenmemiş, İlk siz ekleyin!

MARC

LEADER 00000nam a2200000 4500
001 CDOM0000004418
003 mi
005 20251010161118.0
008 251010b |||||||| |||| 00| 0 eng d
020 |a 9783867870368 
040 |c mi 
100 |a Franze 
245 1 |a Black Wade :  |b The Wild Side of Love /  |c Franze & Andarle ; traduzione di Jim Baker 
260 |a Berlin  |b Bruno Gmünder  |c 2009 
300 |a 78 p.  |b ill.  |c 24,5 cm. 
700 |a Andarle 
700 |a Baker, Jim 
942 |2 ddc  |c BK 
952 |0 0  |1 0  |2 ddc  |4 0  |6 FEU_01FRAANBLA11  |7 0  |9 7363  |a MI  |b MI  |d 2010-04-23  |i 5903  |l 0  |o FEU01-FRAAN-BLA11  |p CDOM5903  |r 2025-07-13 16:28:00  |w 2025-07-13  |x DONO  |y BK 
999 |c 6066  |d 6066